|
|
|
|
| LEADER |
00000nam0a2200000 4500 |
| 001 |
351319 |
| 005 |
20231102010406.0 |
| 035 |
|
|
|a (RuTPU)RU\TPU\retro\6345
|
| 090 |
|
|
|a 351319
|
| 100 |
|
|
|a 20190603d1951 m y0rusy50 ca
|
| 101 |
0 |
|
|a rus
|
| 102 |
|
|
|a RU
|
| 105 |
|
|
|a a j 001zy
|
| 200 |
1 |
|
|a Теоретические основы электротехники
|e учебник для втузов
|f П. Л. Калантаров, Л. Р. Нейман
|
| 205 |
|
|
|a 3-е изд., перераб.
|
| 210 |
|
|
|a Ленинград
|a Москва
|c Госэнергоиздат
|d 1951
|
| 215 |
|
|
|a 464 с.
|c ил.
|
| 316 |
|
|
|5 63413507: КР-6452
|a На титульном листе дарственная надпись: "Глубокоуважаемому Александру Акимовичу Воробьеву от авторов. XII-1951 Л. Нейман"
|
| 317 |
|
|
|5 63413507: КР-6452
|a Поступил в НТБ в 1987 г. в дар от вдовы ученого Е. К. Завадовской
|
| 320 |
|
|
|a Алфавитный указатель: с. 461-464
|
| 330 |
|
|
|a Книга "Теоретические основы электротехники" П. .Л. Калантарова и Л. Р. Неймана предназначена служить учебником для студентов всех электротехнических высших учебных заведений и факультетов. Содержа-ние книги соответствует программе Министерства высшего образования по дисциплине "Теоретические основы электротехники". В книге рассмотрены явления, происходящие в электрических и магнитных цепях и в электромагнитном поле, а также методы расчета цепей и полей. Рассмотрению электрических и магнитных цепей и электромагнитного поля предпослано изложение основных понятий и законов относящихся к электрическим и магнитным явлениям.
|
| 606 |
1 |
|
|a Электротехника теоретическая
|2 stltpush
|3 (RuTPU)RU\TPU\subj\20909
|9 45970
|
| 610 |
1 |
|
|a ТОЭ
|
| 610 |
1 |
|
|a электрическое поле
|
| 610 |
1 |
|
|a напряженность
|
| 610 |
1 |
|
|a диэлектрики
|
| 610 |
1 |
|
|a поляризация
|
| 610 |
1 |
|
|a электрическая емкость
|
| 610 |
1 |
|
|a электрический ток
|
| 610 |
1 |
|
|a электрические цепи
|
| 610 |
1 |
|
|a магнитные цепи
|
| 610 |
1 |
|
|a резонанс
|
| 610 |
1 |
|
|a электромагнитное поле
|
| 610 |
1 |
|
|a учебники
|
| 610 |
1 |
|
|a библиотека А. А. Воробьева
|
| 610 |
1 |
|
|a дарственная надпись
|
| 610 |
1 |
|
|a дары автора
|
| 675 |
|
|
|a 621.3.01(075.8)
|v 4
|
| 700 |
|
1 |
|a Калантаров
|b П. Л.
|g Павел Лазаревич
|
| 701 |
|
1 |
|a Нейман
|b Л. Р.
|g Леонид Робертович
|
| 702 |
|
1 |
|a Нейман
|b Л. Р.
|c электротехник, доктор технических наук, профессор
|c член АН СССР
|f 1902-1975
|g Леонид Робертович
|2 stltpush
|3 (RuTPU)RU\TPU\pers\32177
|4 320
|9 16178
|
| 801 |
|
1 |
|a RU
|b 63413507
|c 20190603
|
| 801 |
|
2 |
|a RU
|b 63413507
|c 20200213
|g RCR
|
| 942 |
|
|
|c BK
|